Contemporary Slovak theatrical architecture

Podrobná bibliografia
Médium: Kniha
Jazyk:angličtina
PhysicalDescription:71 s. fotogr. (prevažne fareb.), sch. 30 cm 1 slov. text. príl.
Vydavateľské údaje: Bratislava National Theatre Centre 1998
ISBN:8085455544
Predmet:

MARC

LEADER 00000nam a2200000 a 4500
001 vtls001334464
003 SK-MaSNL
005 20260426004419.0
008 240226s1998 xo a r eng
015 |a SNBA1998/10-03722 
020 |a 8085455544 
035 |a SNK000287409 
035 |a urn:nbn:sk:snk-amtjpj 
035 |a urn:nbn:sk:snk-am00c7io 
035 |a EAB9317D-6794-4F6E-A86F-2345EF49E468 
040 |a SNK  |b slo  |c SNK  |e AACR2 
041 0 |a eng 
044 |a xo  |c SK 
080 |a 725.822(437.6)=20=30  |2 1981 
245 0 |a Contemporary Slovak theatrical architecture  |c [published by Národné divadelné centrum Bratislava] 
246 1 0 |a Slowakische Theaterarchitektur der Gegenwart 
246 1 1 |a Slowakische Theaterarchitektur der Gegenwart 
260 |a Bratislava  |b National Theatre Centre  |c 1998 
300 |a 71 s.  |b fotogr. (prevažne fareb.), sch.  |c 30 cm  |e 1 slov. text. príl. 
500 |a Sch. na tit. strane 
650 0 7 |a divadelná avantgarda  |2 SNK  |9 113164 
650 0 7 |a divadlá  |2 SNK  |9 29113 
651 7 |a Slovensko  |2 SNK  |9 14231 
655 7 |a príručky  |2 SNK  |9 74364 
710 2 |a Národné divadelné centrum  |4 pbl  |9 33202 
919 |a 80-85455-54-4 
958 |a TL 
958 |a OND 
999 |c 976554  |d 978484 
952 |t P60, <03>, [BOOK], {603}  |a SNK  |b SNK  |y PREZ  |7 0  |p 17A0144605  |o snkSB 59094  |i snkKSP 6372/98  |0 0  |1 0  |4 0  |d 1998-06-18  |f 1  |l 0  |r 2025-04-11 00:00:00  |w 2026-02-24 
952 |t P60, <04>, [BOOK], {604}  |a SNK  |b SNK  |y VYP  |7 0  |p 17A0144604  |o snkSB 59094 D1  |i snkKSP 6373/98  |0 0  |1 0  |4 0  |d 1998-06-18  |l 0  |r 2005-01-02 00:00:00  |w 2026-02-24